The Oxford history of English / (Record no. 2179)

MARC details
000 -LEADER
fixed length control field 01954cam a22003255a 4500
003 - CONTROL NUMBER IDENTIFIER
control field EG-ScBUE
005 - DATE AND TIME OF LATEST TRANSACTION
control field 20220628135647.0
008 - FIXED-LENGTH DATA ELEMENTS--GENERAL INFORMATION
fixed length control field 100805s2006 enkab f b 001 0 eng d
020 ## - INTERNATIONAL STANDARD BOOK NUMBER
International Standard Book Number 0199249318
020 ## - INTERNATIONAL STANDARD BOOK NUMBER
International Standard Book Number 9780199249312
040 ## - CATALOGING SOURCE
Original cataloging agency EG-ScBUE
Language of cataloging eng
Description conventions rda
Transcribing agency EG-ScBUE
Modifying agency EG-ScBUE
082 04 - DEWEY DECIMAL CLASSIFICATION NUMBER
Classification number 420.9
Item number OXF
Edition number 22
245 04 - TITLE STATEMENT
Title The Oxford history of English /
Statement of responsibility, etc edited by Lynda Mugglestone.
246 30 - VARYING FORM OF TITLE
Title proper/short title History of English
264 #1 - PUBLICATION, DISTRIBUTION, ETC. (IMPRINT)
Place of publication, distribution, etc Oxford :
Name of publisher, distributor, etc Oxford University Press,
Date of publication, distribution, etc 2006.
300 ## - PHYSICAL DESCRIPTION
Extent xi, 485 pages :
Other physical details illustrations, maps ;
Dimensions 26 cm
336 ## - CONTENT TYPE
Source rdacontent
Content type term text
Content type code txt
337 ## - MEDIA TYPE
Source rdamedia
Media type term unmediated
Media type code n
338 ## - CARRIER TYPE
Source rdacarrier
Carrier type term volume
Carrier type code nc
504 ## - BIBLIOGRAPHY, ETC. NOTE
Bibliography, etc Includes bibliographical references and index.
505 0# - FORMATTED CONTENTS NOTE
Formatted contents note Preliminaries: Before English / Terry Hoad -- Beginnings and Transitions: Old English / Susan Irvine -- Contacts and Conflicts: Latin, Norse, and French / Matthew Townend -- Middle English - Dialects and Diversity / Marilyn Corrie -- From Middle to Early Modern English / Jeremy Smith -- Restructuring Renaissance English / April McMahon -- Mapping Change in Tudor English / Terttu Nevalainen -- The Babel of Renaissance English / Paula Blank -- Correctness and its Origins / Ingrid Tieken-Boon van Ostade -- English in the Nineteenth Century / Lynda Mugglestone -- Modern Regional English in the British Isles / Clive Upton -- English Among the Languages / Richard W. Bailey -- English Worldwide in the Twentieth Century / Tom McArthur -- Into the Twenty-first Century / David Crystal.
650 #7 - SUBJECT ADDED ENTRY--TOPICAL TERM
Topical term or geographic name as entry element English language
General subdivision History.
Source of heading or term BUEsh
9 (RLIN) 17107
651 ## - SUBJECT ADDED ENTRY--GEOGRAPHIC NAME
Source of heading or term BUEsh
653 ## - INDEX TERM--UNCONTROLLED
Resource For college Humanities: English
Arrived date list September2018
655 ## - INDEX TERM--GENRE/FORM
Form subdivision Reading book
9 (RLIN) 34232
700 1# - ADDED ENTRY--PERSONAL NAME
Personal name Mugglestone, Lynda,
Relator term editor.
9 (RLIN) 17108
856 42 - ELECTRONIC LOCATION AND ACCESS
Materials specified Publisher description
Uniform Resource Identifier <a href="http://www.loc.gov/catdir/enhancements/fy0638/2006013471-d.html">http://www.loc.gov/catdir/enhancements/fy0638/2006013471-d.html</a>
856 42 - ELECTRONIC LOCATION AND ACCESS
Materials specified Table of contents only
Uniform Resource Identifier <a href="http://www.loc.gov/catdir/enhancements/fy0638/2006013471-t.html">http://www.loc.gov/catdir/enhancements/fy0638/2006013471-t.html</a>
942 ## - ADDED ENTRY ELEMENTS (KOHA)
Source of classification or shelving scheme Dewey Decimal Classification
Koha item type Book - Borrowing
Holdings
Withdrawn status Lost status Source of classification or shelving scheme Damaged status Not for loan Collection code Home library Current library Shelving location Date acquired Source of acquisition Cost, normal purchase price Total Checkouts Full call number Barcode Date last seen Koha item type
    Dewey Decimal Classification     Alahram Central Library Central Library Second Floor 05/08/2010 Purchase 331.40   420.9 OXF 000002109 15/07/2025 NB - Book (Non borrowing)